| 000 | 01171cam a2200337 4500 | ||
|---|---|---|---|
| 001 | M1972 | ||
| 008 | 090401t1995 xxu||||| |||| 00| 0 eng d | ||
| 035 | _a(Sirsi) u35707 | ||
| 041 | _aeng | ||
| 050 | _a333.0062 | ||
| 090 | _aRICS 1995/93ABCD | ||
| 110 |
_aRoyal Institution of Chartered Surveyors _94900 |
||
| 245 | _aReview of the constitution: white paper, April 1994...[and revised draft Royal Charter and Bye-laws with summaries of changes from the current bye-laws and certain draft regulations.] | ||
| 260 |
_aLondon _bRICS _c1995 |
||
| 300 | _aca.150p. ; 30cm. | ||
| 350 | _a0 | ||
| 520 | _aAMENDED 1996 (RICS 1996/65).Incorporates the White Paper, April 1994 and the revised Royal Charter and Bye-laws. | ||
| 650 | _aABOUT RICS-RICS MEMBERS | ||
| 650 | _aCLARK COMMITTEE | ||
| 650 | _aCONSTITUTIONAL REVIEW | ||
| 650 | _aCUBBON REPORT | ||
| 650 | _aMEMBERSHIP | ||
| 650 | _aPROFESSIONAL PRACTICE | ||
| 650 | _aRICS ROYAL CHARTER | ||
| 650 | _aRICS RULES OF CONDUCT | ||
| 650 | _aWHITE PAPER | ||
| 690 | _aMANAGEMENT-BUSINESS MANAGEMENT-PROFESSIONAL PRACTICE | ||
| 700 |
_aClark, M.G. _xChairman |
||
| 942 | _n0 | ||
| 948 | _c04/03/1997 | ||
| 999 |
_c90144 _d90144 |
||